00481nam a2200157Ia 450000500170000000800410001708200130005810000180007124500200008926000450010930000130015450000380016794200060020595200970021199900150030820250616014059.0240331s9999 xx 000 0 und d bWIJa305 aWijesekera, N 0aLanka janathava aColombobA.M.D Gunasena Publishersc1969 a264 p ., aA book of Population of Sri Lanka cL 001040708LaWERCLbWERCLcSSCd2024-03-31l0o 305.8 WIJp3361r2024-03-31w2024-03-31yL c2062d2062